Economies et sociétés (Registro nro. 25169)
[ vista simple ]
| 000 -CABECERA | |
|---|---|
| Longitud fija campo de control | 01135nas a2200337 c 4500 |
| 001 - NÚMERO DE CONTROL | |
| Número de control | 25169 |
| 003 - IDENTIFICADOR DE NÚMERO DE CONTROL | |
| Identificador del número de control | ES-MaCES |
| 005 - FECHA Y HORA DE LA ÚLTIMA TRANSACCIÓN | |
| Fecha y hora de la última transacción | 20160415200832.0 |
| 007 - PHYSICAL DESCRIPTION FIXED FIELD--GENERAL INFORMAT | |
| Campo fijo de descripción física | cr ||||||||||| |
| 008 - CAMPO FIJO DE DESCRIPCIÓN FIJA--INFORMACIÓN GENERAL | |
| Códigos de información de longitud fija | 931207u1900 fr m| | |fre d |
| 022 1# - ISSN (INTERNATIONAL STANDARD SERIAL NUMBER) | |
| Número Internacional Normalizado para Publicaciones Seriadas | 0013-0567 |
| 035 ## - NÚMERO DE CONTROL DEL SISTEMA | |
| Número de control del sistema | CES19980001494p |
| Número de control cancelado;no válido | 10151 |
| 040 ## - FUENTE DE CATALOGACIÓN | |
| Centro catalogador de origen | ES-MaCES |
| Lengua de catalogación | spa |
| Centro transcriptor | ES-MaCES |
| 245 00 - MENCIÓN DE TÍTULO | |
| Título | Economies et sociétés |
| Resto del título | : cahiers de l'ISMEA |
| 260 ## - PUBLICACIÓN, DISTRIBUCIÓN, ETC (PIE DE IMPRENTA) | |
| Lugar de publicación, distribución, etc. | Grenoble (B.P. 47, 38040) |
| Nombre del editor, distribuidor, etc. | Presses universitaires de Grenoble |
| 300 ## - DESCRIPCIÓN FÍSICA | |
| Extensión | v. |
| Dimensiones | 22 cm |
| 310 ## - PERIODICIDAD ACTUAL DE LA PUBLICACIÓN | |
| Periodicidad actual | Mensual |
| 500 ## - NOTA GENERAL | |
| Nota general | Descripción basada en: t. 27, 1993, nº 6 (juin) |
| 500 ## - NOTA GENERAL | |
| Nota general | La revista se subdivide en 16 series temáticas |
| 541 ## - NOTA DE LA FUENTE INMEDIANTE DE ADQUISICIÓN | |
| Forma de adquisición | Compra |
| 592 ## - CES. NOTA ESTADO DE LA PUBLICACIÓN | |
| Estado publicación | Cancelada |
| 650 #4 - ASIENTO SECUNDARIO DE MATERIA--TÉRMINO DE MATERIA | |
| Término de materia o nombre geográfico como elemento inicial | economía |
| 9 (RLIN) | 26781 |
| 653 10 - TÉRMINO DE INDEXACIÓN--NO CONTROLADO | |
| Término no controlado | Economía |
| 710 2# - ENCABEZAMIENTO SECUNDARIO--NOMBRE CORPORATIVO | |
| Nombre de entidad o nombre de jurisdicción como elemento inicial | Institut de Sciences Mathématiques et economiques appliquées |
| 9 (RLIN) | 4080 |
| 853 21 - LEYENDAS Y PATRÓN--UNIDAD BIBLIOGRÁFICA BÁSICA | |
| Primer nivel de enumeración | t. |
| Segundo nivel de enumeración | nº |
| Primer nivel de cronología | année |
| Segundo nivel de cronología | mes |
| Continuidad en la numeración | r |
| Frecuencia | m |
| 856 4# - ACCESO ELECTRÓNICO | |
| Identificador Uniforme del Recurso (URI) | <a href="http://www.ismea.org/ISMEA/ecosoc.html">http://www.ismea.org/ISMEA/ecosoc.html</a> |
| Texto del enlace | tabla de contenidos |
| 866 #0 - FUENTES TEXTUALES--UNIDAD BIBLIOGRÁFICA BÁSICA | |
| Holdings textuales | 1993-2011 (2012). |
| Nota pública | Ubicación: DEPÓSITO - 10151 |
| 905 ## - CES. DATOS REVISTA | |
| Boletín de sumarios (Sirtex 591$a) | Boletín A |
| Formato | P |
| Kardex | SÍ |
| Abreviatura boletín | EcoesESoc |
| Proceso | + |
| 942 ## - ELEMENTOS KOHA | |
| Fuente de clasificaión o esquema | Clasificación propia del CES |
| Koha [por defecto] tipo de item | Periódicas |
| Parte de clasificación | 0.0. |
| Número de registro | Signatura completa | Tipo de item de Koha |
|---|---|---|
| 000471 | 10151 | Periódicas |
| 000472 | 10151 | Periódicas |
| 000473 | 10151 | Periódicas |
| 000474 | 10151 | Periódicas |
| 002119 | 10151 | Periódicas |
| 002620 | 10151 | Periódicas |
| 002842 | 10151 | Periódicas |
| 003468 | 10151 | Periódicas |
| 003467 | 10151 | Periódicas |
| 004487 | 10151 | Periódicas |
| 005342 | 10151 | Periódicas |
| 005944 | 10151 | Periódicas |
| 005926 | 10151 | Periódicas |
| 006503 | 10151 | Periódicas |
| 006747 | 10151 | Periódicas |
| 007880 | 10151 | Periódicas |
| 007881 | 10151 | Periódicas |
| 008807 | 10151 | Periódicas |
| 009751 | 10151 | Periódicas |
| 011565 | 10151 | Periódicas |
| 010432 | 10151 | Periódicas |
| 010997 | 10151 | Periódicas |
| 012740 | 10151 | Periódicas |
| 012741 | 10151 | Periódicas |
| 013052 | 10151 | Periódicas |
| 013824 | 10151 | Periódicas |
| 013825 | 10151 | Periódicas |
| 014336 | 10151 | Periódicas |
| 014955 | 10151 | Periódicas |
| 015485 | 10151 | Periódicas |
| 016526 | 10151 | Periódicas |
| 017288 | 10151 | Periódicas |
| 017334 | 10151 | Periódicas |
| 017843 | 10151 | Periódicas |
| 017831 | 10151 | Periódicas |
| 018242 | 10151 | Periódicas |
| 019184 | 10151 | Periódicas |
| 020428 | 10151 | Periódicas |
| 020933 | 10151 | Periódicas |
| 022084 | 10151 | Periódicas |
| 023028 | 10151 | Periódicas |
| 023380 | 10151 | Periódicas |
| 023381 | 10151 | Periódicas |
| 024193 | 10151 | Periódicas |
| 024337 | 10151 | Periódicas |
| 024338 | 10151 | Periódicas |
| 025340 | 10151 | Periódicas |
| 025341 | 10151 | Periódicas |
| 025342 | 10151 | Periódicas |
| 025646 | 10151 | Periódicas |
| 026214 | 10151 | Periódicas |
| 027129 | 10151 | Periódicas |
| 027863 | 10151 | Periódicas |
| 029369 | 10151 | Periódicas |
| 029957 | 10151 | Periódicas |
| 030641 | 10151 | Periódicas |
| 031317 | 10151 | Periódicas |
| 032016 | 10151 | Periódicas |
| 032750 | 10151 | Periódicas |
| 033693 | 10151 | Periódicas |
| 034722 | 10151 | Periódicas |
| 035818 | 10151 | Periódicas |
| 036560 | 10151 | Periódicas |
| 036730 | 10151 | Periódicas |
| 037163 | 10151 | Periódicas |
| 037195 | 10151 | Periódicas |
| 037506 | 10151 | Periódicas |
| 038082 | 10151 | Periódicas |
| 038663 | 10151 | Periódicas |
| 039907 | 10151 | Periódicas |
| 041425 | 10151 | Periódicas |
| 041901 | 10151 | Periódicas |
| 041902 | 10151 | Periódicas |
| 043077 | 10151 | Periódicas |
| 043677 | 10151 | Periódicas |
| 044011 | 10151 | Periódicas |
| 044012 | 10151 | Periódicas |
| 044706 | 10151 | Periódicas |
| 045189 | 10151 | Periódicas |
| 045420 | 10151 | Periódicas |
| 046621 | 10151 | Periódicas |
| 047802 | 10151 | Periódicas |
| 047803 | 10151 | Periódicas |
| 048343 | 10151 | Periódicas |
| 048882 | 10151 | Periódicas |
| 048883 | 10151 | Periódicas |
| 049494 | 10151 | Periódicas |
| 050449 | 10151 | Periódicas |
| 050450 | 10151 | Periódicas |
| 051463 | 10151 | Periódicas |
| 051944 | 10151 | Periódicas |
| 052355 | 10151 | Periódicas |
| 052556 | 10151 | Periódicas |
| 052662 | 10151 | Periódicas |
| 052826 | 10151 | Periódicas |
| 053456 | 10151 | Periódicas |
| 053875 | 10151 | Periódicas |
| 054259 | 10151 | Periódicas |
| 054447 | 10151 | Periódicas |
| 054948 | 10151 | Periódicas |
| 056377 | 10151 | Periódicas |
| 056638 | 10151 | Periódicas |
| 056830 | 10151 | Periódicas |
| 057067 | 10151 | Periódicas |
| 057480 | 10151 | Periódicas |
| 058430 | 10151 | Periódicas |
| 058655 | 10151 | Periódicas |
| 058861 | 10151 | Periódicas |
| 059664 | 10151 | Periódicas |
| 059885 | 10151 | Periódicas |
| 060260 | 10151 | Periódicas |
| 060674 | 10151 | Periódicas |
| 061071 | 10151 | Periódicas |
| 061197 | 10151 | Periódicas |
| 062367 | 10151 | Periódicas |
| 062954 | 10151 | Periódicas |
| 063055 | 10151 | Periódicas |
| 063188 | 10151 | Periódicas |
| 063496 | 10151 | Periódicas |
| 063758 | 10151 | Periódicas |
| 064153 | 10151 | Periódicas |
| 064405 | 10151 | Periódicas |
| 065075 | 10151 | Periódicas |
| 065244 | 10151 | Periódicas |
| 065994 | 10151 | Periódicas |
| 066189 | 10151 | Periódicas |
| 066443 | 10151 | Periódicas |
| 066928 | 10151 | Periódicas |
| 066999 | 10151 | Periódicas |
| 067326 | 10151 | Periódicas |
| 067538 | 10151 | Periódicas |
| 067802 | 10151 | Periódicas |
| 067994 | 10151 | Periódicas |
| 068265 | 10151 | Periódicas |
| 068297 | 10151 | Periódicas |
| 069129 | 10151 | Periódicas |
| 069130 | 10151 | Periódicas |
| 069401 | 10151 | Periódicas |
| 069733 | 10151 | Periódicas |
| 070153 | 10151 | Periódicas |
| 071434 | 10151 | Periódicas |
| 071435 | 10151 | Periódicas |
| 071436 | 10151 | Periódicas |
| 071510 | 10151 | Periódicas |
| 072026 | 10151 | Periódicas |
| 072029 | 10151 | Periódicas |
| 072234 | 10151 | Periódicas |
| 072661 | 10151 | Periódicas |
| 072767 | 10151 | Periódicas |
| 072985 | 10151 | Periódicas |
| 074023 | 10151 | Periódicas |
| 074055 | 10151 | Periódicas |
| 074056 | 10151 | Periódicas |
| 074279 | 10151 | Periódicas |
| 074327 | 10151 | Periódicas |
| 074777 | 10151 | Periódicas |
| 075283 | 10151 | Periódicas |
| 075347 | 10151 | Periódicas |
| 075661 | 10151 | Periódicas |
| 075702 | 10151 | Periódicas |
| 075971 | 10151 | Periódicas |
| 076633 | 10151 | Periódicas |
| 076634 | 10151 | Periódicas |
| 077031 | 10151 | Periódicas |
| 077155 | 10151 | Periódicas |
| 077376 | 10151 | Periódicas |
| 077635 | 10151 | Periódicas |
| 077853 | 10151 | Periódicas |
| 077966 | 10151 | Periódicas |
| 078226 | 10151 | Periódicas |
| 078473 | 10151 | Periódicas |
| 078528 | 10151 | Periódicas |
| 079074 | 10151 | Periódicas |
| 079075 | 10151 | Periódicas |
| 079263 | 10151 | Periódicas |
| 079461 | 10151 | Periódicas |
| 079796 | 10151 | Periódicas |
| 079959 | 10151 | Periódicas |
| 079960 | 10151 | Periódicas |
| 080077 | 10151 | Periódicas |
| 080355 | 10151 | Periódicas |
| 080669 | 10151 | Periódicas |
| 080771 | 10151 | Periódicas |
| 080772 | 10151 | Periódicas |
| 081768 | 10151 | Periódicas |
| 081769 | 10151 | Periódicas |
| 081770 | 10151 | Periódicas |
| 081771 | 10151 | Periódicas |
| 081772 | 10151 | Periódicas |
| 082241 | 10151 | Periódicas |
| 082363 | 10151 | Periódicas |
| 082635 | 10151 | Periódicas |
| 082755 | 10151 | Periódicas |
